Vào 'biển giáo, rừng gươm' như trẩy hội

Tallennettuna:
Bibliografiset tiedot
Päätekijä: Hồng Hải
Muut tekijät: Thu Hùng
Aineistotyyppi: Kirja
Kieli:Undetermined
Aiheet:
Linkit:http://lrc.tdmu.edu.vn/opac/search/detail.asp?aID=2&ID=23610
Tagit: Lisää tagi
Ei tageja, Lisää ensimmäinen tagi!
Thư viện lưu trữ: Trung tâm Học liệu Trường Đại học Thủ Dầu Một
LEADER 00718nam a2200145Ia 4500
001 TDMU_23610
008 210410s9999 xx 000 0 und d
082 |a 959.704 
100 |a Hồng Hải 
245 0 |a Vào 'biển giáo, rừng gươm' như trẩy hội 
300 |a 6tr 
650 |a Kháng chiến chống Mỹ ; Nhà tình báo ; Ngành trinh sát kỹ thuật ; Thiếu tướng Tống Trần Thuật; Thiếu tướng Vũ Thắng; Thiếu tướng Tống Trần Thuật; Lịch sử  
700 |a Thu Hùng 
856 |u http://lrc.tdmu.edu.vn/opac/search/detail.asp?aID=2&ID=23610 
980 |a Trung tâm Học liệu Trường Đại học Thủ Dầu Một